Clubes por su primer escudo (Europa) - Estadísticas

Estadísticas generales
  • Esta prueba ha sido intentada 37 veces
  • La puntuación promedio es 11 de 24
Estadísticas de respuestas
Imagen Respuesta % Correcto
Internazionale
92%
Olympique de Marsella
92%
AC Milán
89%
AS Roma
86%
AFC Ajax
84%
FC Barcelona
84%
Olympique de Lyon
84%
Juventus
76%
Liverpool FC
62%
Real Madrid
51%
Olympiacos
43%
Chelsea FC
38%
Manchester United
38%
Arsenal FC
35%
Borussia Dortmund
32%
Paris Saint-Germain
30%
Bayern Múnich
24%
Atlético Madrid
19%
SL Benfica
19%
Feyenoord Rotterdam
16%
Manchester City
16%
FC Porto
14%
Hamburgo SV
14%
PSV
8%
No se encontraron pruebas coincidentes
Distribución de puntuación
Porcentaje de gente con cada puntuación
Porcentaje por número respondido
Historial de tus puntuaciones
No has intentado esta prueba.